| 000 | 00504nam a22001697a 4500 | ||
|---|---|---|---|
| 003 | CEME | ||
| 005 | 20210628205715.0 | ||
| 008 | 210316b xxu||||| |||| 00| 0 eng d | ||
| 040 | _c. | ||
| 082 | _a297.63 AHM | ||
| 100 |
_aAhmed Saeed Dehalvi.Maulana _976745 |
||
| 245 | _aThe miracles of the holy prophet muhammad, peace be upon him | ||
| 260 |
_aLAHORE _bIDARA-E-ISLAMIAT _c1996 |
||
| 300 | _a245P | ||
| 650 |
_a300-MIRACLES OF THE HOLY PROPHET MUHAMMAD,PEACE BE UPON HIM _976746 |
||
| 942 |
_cBK _2ddc |
||
| 999 |
_c582084 _d582084 |
||